000 00291nam a22001337a 4500
008 170824b xxu||||| |||| 00| 0 eng d
020 _a354059634
041 _aeng
080 _a514
100 _a38
101 _aMAT
245 _aGEOMETRIC INVARIANT THEORY
_cMUMFORD,D
942 _2udc
_cBK
999 _c24742
_d24742